00421nam a2200145Ia 4500003000500000008004100005020001800046040001900064082000700083100006400090245006500154260003600219300000800255546001200263STCL181203s9999 xx 000 0 und d a9788187134190 aSTCLbENcSTCL 222 aMukhopadhyay, Raghupati; Datta, Sriparna; Das, Rajib Kumar  0aTextbook of Pharmaceutical Chemistry and Medicinal Chemistry bBooks and AlliedaKolkatac2013 a378 aEnglish